| 000 | 00878cam a22002895a 4500 | ||
|---|---|---|---|
| 001 | 016627770 | ||
| 003 | OSt | ||
| 005 | 20170213125252.0 | ||
| 008 | 140129t2014 enka frb 001 0 eng d | ||
| 020 | _a9780077122669 | ||
| 020 | _a0077122666 | ||
| 040 |
_aStDuBDS _beng _cStDuBDS _dUk _dEG-ScBUE |
||
| 082 | 0 | 4 |
_a153 _222 _bGIL |
| 100 | 1 | _aGilhooly, K. J. | |
| 245 | 1 | 0 |
_aCognitive psychology / _cKen Gilhooly, Fiona Lyddy, Frank Pollick. |
| 260 |
_aLondon : _bMcGraw-Hill Higher Education, _cc.2014. |
||
| 300 |
_axxi, 553 p. : _bill. ; _c26 cm. |
||
| 504 | _aIncludes bibliographical references and indexes. | ||
| 650 | 7 |
_aCognitive psychology. _2BUEsh _933178 |
|
| 650 | 7 |
_aKognitiv psykologi. _2BUEsh |
|
| 651 | _2BUEsh | ||
| 653 |
_bHHUUPPSS _cNovember2016 |
||
| 653 |
_bGGEN _cFebruary2017 |
||
| 700 | 1 | _aLyddy, Fiona M. | |
| 700 | 1 | _aPollick, Frank. | |
| 942 | _2ddc | ||
| 999 |
_c23316 _d23288 |
||